<?xml version="1.0" encoding="UTF-8"?>
<collection xmlns="http://www.loc.gov/MARC21/slim">
 <record>
  <leader>00403pamaa2200133   4500</leader>
  <controlfield tag="001">0000024256</controlfield>
  <controlfield tag="005">20061127090000.0</controlfield>
  <datafield tag="020" ind1="0" ind2="0">
   <subfield code="a">0704300230 </subfield>
  </datafield>
  <datafield tag="090" ind1="0" ind2="0">
   <subfield code="a">PT5833 </subfield>
   <subfield code="b">EMA 1986</subfield>
  </datafield>
  <datafield tag="100" ind1="1" ind2="0">
   <subfield code="a">EMANTS </subfield>
  </datafield>
  <datafield tag="245" ind1="1" ind2="2">
   <subfield code="a">A posthumous confession  </subfield>
   <subfield code="c">Marcellus Emants ; translated from the Dutch and with an introduction by J.M.Coetzee.</subfield>
  </datafield>
  <datafield tag="260" ind1="0" ind2="0">
   <subfield code="a">London: </subfield>
   <subfield code="b">Quartet Encounters, </subfield>
   <subfield code="c">1986.</subfield>
  </datafield>
  <datafield tag="300" ind1=" " ind2=" ">
   <subfield code="a">193p.; </subfield>
   <subfield code="c">21cm.</subfield>
  </datafield>
  <datafield tag="650" ind1="0" ind2="0">
   <subfield code="a">Ficiton </subfield>
  </datafield>
 </record>
</collection>
